|
|
|
|
| LEADER |
01077aam a22002898a 4500 |
| 001 |
00029499 |
| 005 |
20171026081022.0 |
| 008 |
120821s2002 ||||||viesd |
| 020 |
|
|
|c 35000
|
| 041 |
0 |
# |
|a vie
|
| 082 |
1 |
4 |
|a 895.922 300 9
|b NG527T
|
| 100 |
1 |
# |
|a Tôn, Thảo Miên
|e Tuyển chọn
|
| 245 |
1 |
0 |
|a Nguyễn Tuân tác phẩm và dư luận
|c Tôn Thảo Miên (tuyển chọn)
|
| 260 |
# |
# |
|a H.
|b Văn học
|c 2002
|
| 300 |
# |
# |
|a 346 tr.
|c 19 cm.
|
| 500 |
# |
# |
|a ĐTTS ghi: Văn học Việt Nam hiện đại
|
| 650 |
# |
4 |
|a Văn học
|v Nghiên cứu
|z Việt Nam
|
| 653 |
# |
# |
|a Dư luận
|
| 653 |
# |
# |
|a Phê bình văn học
|
| 653 |
# |
# |
|a Tiểu thuyết
|
| 653 |
# |
# |
|a Tác phẩm
|
| 653 |
# |
# |
|a Văn học VIệt Nam
|
| 852 |
# |
# |
|b Kho đọc
|j KD.0013843
|
| 852 |
# |
# |
|j KD.0013843
|j KM.0014381
|j KM.0014380
|j KM.0014378
|j KM.0014379
|
| 852 |
# |
# |
|j KM.0014378, KM.0014379, KM.0014380, KM.0014381
|b Kho mượn
|
| 910 |
0 |
# |
|d 4/9/2012
|a kchi
|
| 980 |
# |
# |
|a Trung tâm Học liệu Lê Vũ Hùng, Trường Đại học Đồng Tháp
|